Managerial engineering : techniques for improving quality and productivity in the workplace
Wedi'i Gadw mewn:
| Prif Awdur: | |
|---|---|
| Fformat: | Llyfr |
| Iaith: | Undetermined |
| Cyhoeddwyd: |
Stamford, Conn.
Productivity
1983
|
| Pynciau: | |
| Tagiau: |
Ychwanegu Tag
Dim Tagiau, Byddwch y cyntaf i dagio'r cofnod hwn!
|
| Thư viện lưu trữ: | Trung tâm Học liệu Trường Đại học Cần Thơ |
|---|
| LEADER | 00555nam a2200193Ia 4500 | ||
|---|---|---|---|
| 001 | CTU_95087 | ||
| 008 | 210402s9999 xx 000 0 und d | ||
| 082 | |a 658.5 | ||
| 082 | |b F961 | ||
| 100 | |a Fukuda, Ryuji | ||
| 245 | 0 | |a Managerial engineering : | |
| 245 | 0 | |b techniques for improving quality and productivity in the workplace | |
| 245 | 0 | |c Ryuji Fukuda. | |
| 260 | |a Stamford, Conn. | ||
| 260 | |b Productivity | ||
| 260 | |c 1983 | ||
| 650 | |a Industrial engineering. | ||
| 904 | |i Năm | ||
| 980 | |a Trung tâm Học liệu Trường Đại học Cần Thơ | ||